| 000 | 00383nam a2200157Ia 4500 | ||
|---|---|---|---|
| 008 | 230524s9999 xx 000 0 und d | ||
| 082 |
_a621.8 _bVEN |
||
| 100 | _aK.Venugopal | ||
| 245 | 0 | _aEngineering Drawing and Graphics + AutoCAD | |
| 250 | _a4TH | ||
| 260 |
_aNEW DELHI _bNAI _c2004 |
||
| 300 | _a25.36+78 | ||
| 500 | _aQuantity Number: 5 | ||
| 650 | _aComp-Sc | ||
| 942 | _cBK | ||
| 999 |
_c11044 _d11044 |
||